000 00581nam a22002297a 4500
999 _c6809
_d6809
001 6809
003 BD-JhCC
005 20180211184911.0
008 180130s1977 xxua|||| |||| 00| 0 eng d
035 _a(BD-JhCC)6809
040 _aBD-JhCC
_dBD-JhCC
041 _aeng
082 _a781.264
_bMUS 1977
100 _aMustafa, M. N.
245 _aOur Music :
_bA Historical Study /
_cM. N. Mustafa
260 _aBangladesh :
_bBegum Bula Mustafa,
_c1977.
300 _a200 p. :
_c22 cm.
500 _aIncludes Index
650 _aMusic
_zIndia
942 _2ddc
_cBK